000 00738nam a2200205 a 4500
003 0
005 20250221142512.0
008 111115s19uu xx 00 eng d
050 _aPGS BF 637.S58
_b.So698 2011
100 _aSong, Ji Min.
245 _aEmotions and extent of spending habits of SISC grade 6 students /
_cJi Min Song.
260 _aLas PiƱas City, Philippines :
_bSouthville International School and Colleges,
_c2011.
300 _a19 pages :
_billustrations ;
_c28 cm.
504 _aIncludes bibliographical references.
650 _aSpending habits
_vChildren.
650 _aConsumer behavior
_vChildren.
650 _aEmotions
_vPsychological aspects.
650 _aChildren
_vEconomic behavior.
942 _2lcc
_cPASS
999 _c98646
_d98646